| 000 | 00739nam a22002177a 4500 | ||
|---|---|---|---|
| 005 | 20100812133817.0 | ||
| 010 | _aENG-100083 | ||
| 020 |
_a0835672980 _c290.00 |
||
| 035 | _aEN-83615 | ||
| 037 | _bDBAD/PUB | ||
| 082 | _a810 | ||
| 100 |
_aRaghavan, V. _912359 |
||
| 245 |
_aStidies on some concepts of the alamkara sastra / _cby V. Raghavan |
||
| 260 |
_aChennai _bAdyar Library and Research Centre _c2009 |
||
| 270 |
_aTheosophical Society, Adyar _bChennai _e600020 |
||
| 300 |
_axxiv, 345p. _c21cm (Hb) |
||
| 500 | _aIncludes index | ||
| 650 |
_aSanskrit literature _912360 |
||
| 942 |
_2ddc _cEN _h810 _mRAG |
||
| 999 |
_c41336 _d41336 |
||